000 00468cam a2200157ua 4500
041 _aeng
_h
082 _a519.2
_bPAP/PR
100 _aPapaoulis, Athanasios .
245 _aProbability, random variables and stochastic processes /
_cAthanasios Papoulis.
_hTextual Documents
260 _aNew Delhi :
_bTata Mc-Graw Hill Publishing Company ,
_c2002.
300 _a851 ; .
504 _a
700 1 _aUnnikrishna Pillai, S .
942 _cBK
999 _c13330
_d13330